Normal view
MARC view
- تاليف بانكي، صالح الكوزه
Entry Personal Name
001 - CONTROL NUMBER
- control field: 14475
003 - CONTROL NUMBER IDENTIFIER
- control field: JO-AjAnu
005 - DATE AND TIME OF LATEST TRANSACTION
- control field: 20230606072618.0
008 - FIXED-LENGTH DATA ELEMENTS
- fixed length control field: 230606|| aca||aabn | a|a d
040 ## - CATALOGING SOURCE
- Original cataloging agency: JO-AjAnu
- Transcribing agency: JO-AjAnu
100 ## - HEADING--PERSONAL NAME
- Personal name: تاليف بانكي، صالح الكوزه
670 ## - SOURCE DATA FOUND
- Source citation: Work cat.: (JO-AjAnu)7437: تاليف بانكي، صالح الكوزه, author, تحفة الطالبين في قسم المعاملات من فقه الشافعي